[Event "CFR-chT"]
[Site "Elets"]
[Date "2009.12.19"]
[Round "6"]
[White "Solovyov, Sergey V"]
[Black "Odnorozhenko, Evgenyi"]
[Result "1-0"]
[WhiteElo "2048"]
[BlackElo "2315"]
[PlyCount "91"]
[EventDate "2009.12.16"]
[EventType "team-swiss"]
[EventRounds "7"]
[EventCountry "RUS"]
[SourceTitle "EXT 2022"]
[Source "ChessBase"]
[SourceDate "2021.10.06"]
[SourceVersion "1"]
[SourceVersionDate "2021.10.06"]
[SourceQuality "1"]

1. d4 d5 2. Nc3 Nf6 3. Bg5 e6 4. e4 dxe4 5. Nxe4 Be7 6. Bxf6 gxf6 7. Nf3 b6 8. Bd3 Bb7 9. Qe2 Qd5 10. 0-0 Nc6 11. Rad1 0-0-0 12. Ba6 Bxa6 13. Qxa6+ Kb8 14. Rfe1 Rhg8 15. c4 Qd7 16. a3 f5 17. Nc3 Qc8 18. Qxc8+ Kxc8 19. d5 Na5 20. Ne5 Rdf8 21. b4 f6 22. bxa5 fxe5 23. axb6 axb6 24. dxe6 Rd8 25. Nd5 Bc5 26. e7 Rd6 27. Rxe5 Re8 28. Rxf5 Re6 29. Rf7 c6 30. Nb4 R8xe7 31. Rxe7 Rxe7 32. Kf1 Kb7 33. g3 Re4 34. Rd7+ Kc8 35. Rxh7 Rxc4 36. h4 Bd4 37. g4 c5 38. Nc6 Bb2 39. g5 Rg4 40. g6 c4 41. Ke2 Bf6 42. h5 Re4+ 43. Kd1 Rg4 44. Rf7 Bb2 45. Kc2 Ba1 46. h6 1-0

[Event "St Petersburg June op"]
[Site "St Petersburg"]
[Date "2008.06.28"]
[Round "8"]
[White "Serov, Maksim"]
[Black "Solovyov, Sergey V"]
[Result "1/2-1/2"]
[WhiteElo "2295"]
[BlackElo "2072"]
[PlyCount "120"]
[EventDate "2008.06.21"]
[EventType "swiss"]
[EventRounds "9"]
[EventCountry "RUS"]
[SourceTitle "CBM 125 Extra"]
[Source "ChessBase"]
[SourceDate "2008.09.01"]
[SourceVersion "1"]
[SourceVersionDate "2008.09.01"]
[SourceQuality "1"]

1. d4 d5 2. Nf3 Nf6 3. c4 c6 4. Qc2 dxc4 5. Qxc4 e6 6. Bg5 Be7 7. Nbd2 Qa5 8. e3 Nbd7 9. Bd3 h6 10. Bxf6 Bxf6 11. 0-0 0-0 12. b4 Qc7 13. b5 Nb6 14. Qc2 Bd7 15. Ne4 Rac8 16. a4 Nd5 17. Rfc1 Nb4 18. Qd2 Nxd3 19. Qxd3 Be7 20. Ne5 Rfd8 21. bxc6 Bxc6 22. Nxc6 bxc6 23. Rc4 e5 24. Rac1 exd4 25. exd4 Qd7 26. h3 Qd5 27. Nc3 Qe6 28. Ne4 Bf8 29. Qc2 Re8 30. Ng3 Ba3 31. Ra1 Be7 32. Rb1 Bf6 33. Nf5 Bg5 34. h4 Bf6 35. g3 g6 36. Ne3 Bg7 37. Rc1 Qh3 38. Rxc6 Rcd8 39. Qb3 Rb8 40. Qd3 h5 41. Rc7 Bh6 42. Qf1 Qe6 43. Re1 Qd6 44. Qc4 Re6 45. Rxa7 Rd8 46. Qc5 Qxd4 47. Qxd4 Rxd4 48. Nc2 Rxe1+ 49. Nxe1 Rd1 50. Kf1 Bf8 51. Ke2 Ra1 52. Nd3 Ra2+ 53. Ke3 Ra3 54. Ra8 Kg7 55. a5 Bc5+ 56. Ke4 Be7 57. Nf4 Bc5 58. Nd3 Be7 59. Nf4 Bc5 60. Nd3 Be7 1/2-1/2

[Event "Lipetsk-ch"]
[Site "Lipetsk"]
[Date "2008.03.24"]
[Round "5"]
[White "Osipov, Alexander1"]
[Black "Solovyov, Sergey V"]
[Result "1-0"]
[WhiteElo "2029"]
[BlackElo "2072"]
[PlyCount "63"]
[EventDate "2008.03.20"]
[EventType "swiss"]
[EventRounds "9"]
[EventCountry "RUS"]
[SourceTitle "EXT 2022"]
[Source "ChessBase"]
[SourceDate "2021.10.06"]
[SourceVersion "1"]
[SourceVersionDate "2021.10.06"]
[SourceQuality "1"]

1. Nf3 Nf6 2. c4 c5 3. Nc3 Nc6 4. d4 cxd4 5. Nxd4 g6 6. e4 Bg7 7. Nc2 d6 8. Be2 0-0 9. 0-0 Be6 10. h3 Na5 11. b3 Nxe4 12. Nxe4 Bxa1 13. Nxa1 f6 14. Bh6 Re8 15. Nc2 Bf7 16. Ne3 Nc6 17. Kh1 Rc8 18. Nc3 Qa5 19. Ned5 Qd8 20. Qd2 e6 21. Ne3 Qe7 22. Rd1 Red8 23. Ng4 Ne5 24. Qe3 a6 25. f4 Nxg4 26. Bxg4 Rd7 27. Re1 Re8 28. Bf3 Qd8 29. Qd2 Rde7 30. Ne4 Rc7 31. Qxd6 Qxd6 32. Nxd6 1-0

[Event "Lipetsk Region-ch"]
[Site "Lipetsk"]
[Date "2007.11.25"]
[Round "9"]
[White "Dzantiev, Zaur"]
[Black "Solovyov, Sergey V"]
[Result "0-1"]
[WhiteElo "2169"]
[BlackElo "2083"]
[PlyCount "89"]
[EventDate "2007.11.18"]
[EventType "swiss"]
[EventRounds "9"]
[EventCountry "RUS"]
[SourceTitle "CBM 121 Extra"]
[Source "ChessBase"]
[SourceDate "2008.01.10"]
[SourceVersion "1"]
[SourceVersionDate "2008.01.10"]
[SourceQuality "1"]

1. d4 d5 2. Nf3 Nf6 3. e3 Bg4 4. Bd3 e6 5. 0-0 Bd6 6. b3 Nbd7 7. Bb2 e5 8. dxe5 Bxe5 9. Nc3 Ne4 10. Na4 Bxb2 11. Nxb2 Qf6 12. Na4 c6 13. Bxe4 dxe4 14. Qd4 Bxf3 15. Qxf6 gxf6 16. gxf3 exf3 17. Kh1 Rg8 18. Rg1 Rg6 19. Rg3 Ne5 20. Nc5 0-0-0 21. Rf1 Rd2 22. Nd3 Rxg3 23. fxg3 Nxd3 24. cxd3 f2 25. a4 Kd7 26. Kg2 Rxd3 27. Rxf2 Ke6 28. Rf4 Rxb3 29. Rh4 Rxe3 30. Rxh7 b5 31. Rh8 Re5 32. axb5 cxb5 33. Ra8 b4 34. Rxa7 Rb5 35. h4 b3 36. Ra1 b2 37. Rb1 Kf5 38. Kh3 Rb3 39. Rf1+ Kg6 40. Rb1 Kh5 41. Kg2 Kg4 42. Kf2 f5 43. Kf1 f4 44. gxf4 Kxh4 45. Ke2 0-1

[Event "RUS-ch U26"]
[Site "Novokuznetsk"]
[Date "2007.10.22"]
[Round "1"]
[White "Solovyov, Sergey V"]
[Black "Lavrov, Maxim"]
[Result "0-1"]
[WhiteElo "2083"]
[BlackElo "2346"]
[PlyCount "94"]
[EventDate "2007.10.22"]
[EventType "swiss"]
[EventRounds "9"]
[EventCountry "RUS"]
[SourceTitle "EXT 2009"]
[Source "ChessBase"]
[SourceDate "2008.11.26"]
[SourceVersion "1"]
[SourceVersionDate "2008.11.26"]
[SourceQuality "1"]

1. d4 Nf6 2. Bg5 g6 3. Nc3 Bg7 4. e4 d6 5. Qd2 h6 6. Bh4 Nbd7 7. Nf3 g5 8. Bg3 Nh5 9. Bc4 c5 10. dxc5 Nxc5 11. e5 Nxg3 12. hxg3 g4 13. Qf4 Be6 14. Bxe6 Nxe6 15. Qxg4 dxe5 16. Qa4+ Qd7 17. Qxd7+ Kxd7 18. 0-0-0+ Ke8 19. Rhe1 f6 20. Nh4 Kf7 21. Nf5 Rad8 22. Nd5 Rd7 23. Nde3 Rhd8 24. Rxd7 Rxd7 25. Nxg7 Nxg7 26. Rd1 Rxd1+ 27. Kxd1 Ke6 28. Kd2 f5 29. Nc4 b5 30. Ne3 f4 31. gxf4 exf4 32. Nf1 Kd5 33. Nh2 Nf5 34. Nf3 e5 35. Ne1 e4 36. Kc3 a5 37. Kd2 h5 38. f3 Ne3 39. Ke2 h4 40. a3 Ke5 41. b3 b4 42. axb4 axb4 43. Kf2 Kf5 44. fxe4+ Kxe4 45. Nf3 Nxc2 46. Nxh4 Nd4 47. Ng6 Nxb3 0-1

[Event "Lipetsk Region-ch sf"]
[Site "Lipetsk"]
[Date "2007.10.20"]
[Round "8"]
[White "Solovyov, Sergey V"]
[Black "Malinin, Sergey Alekseevich"]
[Result "1/2-1/2"]
[WhiteElo "2077"]
[BlackElo "2071"]
[PlyCount "20"]
[EventDate "2007.09.25"]
[EventType "swiss"]
[EventRounds "9"]
[EventCountry "RUS"]
[SourceTitle "EXT 2022"]
[Source "ChessBase"]
[SourceDate "2021.10.06"]
[SourceVersion "1"]
[SourceVersionDate "2021.10.06"]
[SourceQuality "1"]

1. d4 g6 2. Nf3 Bg7 3. e4 d6 4. Be2 Nf6 5. Nc3 0-0 6. 0-0 Bg4 7. h3 Bxf3 8. Bxf3 Nc6 9. Be3 e5 10. d5 Ne7 1/2-1/2

[Event "Lipetsk Region-ch sf"]
[Site "Lipetsk"]
[Date "2007.10.09"]
[Round "5"]
[White "Rykov, Mikhail"]
[Black "Solovyov, Sergey V"]
[Result "0-1"]
[WhiteElo "1979"]
[BlackElo "2077"]
[PlyCount "60"]
[EventDate "2007.09.25"]
[EventType "swiss"]
[EventRounds "9"]
[EventCountry "RUS"]
[SourceTitle "EXT 2022"]
[Source "ChessBase"]
[SourceDate "2021.10.06"]
[SourceVersion "1"]
[SourceVersionDate "2021.10.06"]
[SourceQuality "1"]

1. d4 d5 2. c4 dxc4 3. Nf3 Nf6 4. e3 Bg4 5. Bxc4 e6 6. Nbd2 a6 7. 0-0 Nc6 8. Be2 Be7 9. a3 0-0 10. b4 Nd5 11. Bb2 f5 12. Nb3 f4 13. e4 Nb6 14. Nc5 Bxc5 15. bxc5 Bxf3 16. Bxf3 Nc4 17. Bc3 b5 18. Be2 Qf6 19. Bxc4 bxc4 20. Qa4 Nxd4 21. Qxc4 Ne2+ 22. Qxe2 Qxc3 23. Rfc1 Qe5 24. Qc4 f3 25. g3 Rf6 26. Re1 Rh6 27. Rad1 Qh5 28. h4 Qg4 29. Re3 Rxh4 30. Qf1 Rh6 0-1

[Event "Lipetsk King's Gambit op-C"]
[Site "Lipetsk"]
[Date "2007.06.26"]
[Round "5"]
[White "Solovyov, Sergey V"]
[Black "Chesnokov, Vladimir"]
[Result "1-0"]
[WhiteElo "2069"]
[BlackElo "2035"]
[PlyCount "87"]
[EventDate "2007.06.22"]
[EventType "swiss"]
[EventRounds "9"]
[EventCountry "RUS"]
[SourceTitle "EXT 2022"]
[Source "ChessBase"]
[SourceDate "2021.10.06"]
[SourceVersion "1"]
[SourceVersionDate "2021.10.06"]
[SourceQuality "1"]

1. d4 f5 2. c4 Nf6 3. Nf3 e6 4. g3 b6 5. Bg2 Bb7 6. 0-0 Be7 7. Nc3 0-0 8. Qc2 Qe8 9. Bf4 Na6 10. Nb5 Be4 11. Qa4 Qc8 12. Rac1 Qb7 13. a3 Nh5 14. Bd2 c5 15. b4 Bc6 16. bxc5 bxc5 17. d5 exd5 18. Ne5 d4 19. Nxc6 dxc6 20. Nxd4 cxd4 21. Bxc6 Nc5 22. Bxb7 Nxa4 23. Bd5+ Kh8 24. Bxa8 Rxa8 25. Bb4 Re8 26. Bxe7 Rxe7 27. Rfd1 Nf6 28. Rxd4 Nd7 29. c5 Nb2 30. Rc2 g6 31. Rxb2 Nxc5 32. Rbd2 Kg7 33. Rd5 Ne4 34. Rd7 Kf7 35. Rxe7+ Kxe7 36. Rb2 Nc5 37. Rb8 a6 38. Rh8 h5 39. Rc8 Ne6 40. Rc6 a5 41. Ra6 Nd4 42. Rxa5 Nxe2+ 43. Kf1 Nd4 44. h4 1-0

[Event "Lipetsk King's Gambit op-C"]
[Site "Lipetsk"]
[Date "2007.06.23"]
[Round "2"]
[White "Venevtsev, Andrey"]
[Black "Solovyov, Sergey V"]
[Result "1-0"]
[WhiteElo "2158"]
[BlackElo "2069"]
[PlyCount "71"]
[EventDate "2007.06.22"]
[EventType "swiss"]
[EventRounds "9"]
[EventCountry "RUS"]
[SourceTitle "EXT 2022"]
[Source "ChessBase"]
[SourceDate "2021.10.06"]
[SourceVersion "1"]
[SourceVersionDate "2021.10.06"]
[SourceQuality "1"]

1. e4 d6 2. d4 Nf6 3. Nc3 e5 4. dxe5 dxe5 5. Qxd8+ Kxd8 6. Bg5 Be6 7. 0-0-0+ Nbd7 8. f4 exf4 9. Nf3 h6 10. Bxf4 Bb4 11. Nb5 Ba5 12. Ne5 Ng4 13. Nd4 Ngxe5 14. Nxe6+ fxe6 15. Bxe5 Rh7 16. Bb5 g6 17. Rhf1 Ke8 18. Rf6 Rd8 19. Rxe6+ Re7 20. Rxe7+ Kxe7 21. Rxd7+ Rxd7 22. Bxd7 Kxd7 23. Bg7 h5 24. c3 c6 25. Kd2 Bc7 26. h3 Bf4+ 27. Kd3 Ke6 28. Bd4 b6 29. a4 Bc7 30. a5 Bd8 31. Bf2 Bc7 32. Ke2 Kf6 33. Kf3 Ke6 34. Bg3 Bd8 35. a6 b5 36. Bf2 1-0

[Event "Lipetsk King's Gambit op-C"]
[Site "Lipetsk"]
[Date "2007.06.22"]
[Round "1"]
[White "Solovyov, Sergey V"]
[Black "Geranichev, Mikhail"]
[Result "1-0"]
[WhiteElo "2069"]
[BlackElo "1647"]
[PlyCount "57"]
[EventDate "2007.06.22"]
[EventType "swiss"]
[EventRounds "9"]
[EventCountry "RUS"]
[SourceTitle "EXT 2022"]
[Source "ChessBase"]
[SourceDate "2021.10.06"]
[SourceVersion "1"]
[SourceVersionDate "2021.10.06"]
[SourceQuality "1"]

1. d4 Nf6 2. Bg5 d6 3. Nc3 Nbd7 4. e4 c5 5. dxc5 dxc5 6. Qd2 e6 7. f4 Be7 8. Nf3 0-0 9. e5 Ne8 10. 0-0-0 a6 11. Bd3 h6 12. Bxe7 Qxe7 13. Be4 Ra7 14. g4 b5 15. h4 c4 16. Nd4 Qc5 17. Bf3 Bb7 18. Ne4 Bxe4 19. Bxe4 b4 20. Nc6 c3 21. Qd4 Rc7 22. Qxb4 Qe3+ 23. Kb1 cxb2 24. Ne7+ Kh8 25. Rxd7 Rxd7 26. Ng6+ fxg6 27. Qxf8+ Kh7 28. Bxg6+ Kxg6 29. Qxe8+ 1-0

[Event "RUS Central Region-ch"]
[Site "Tula "]
[Date "2007.03.24"]
[Round "8"]
[White "Solovyov, Sergey V"]
[Black "Davydiants, Eduard"]
[Result "1-0"]
[WhiteElo "2069"]
[BlackElo "1991"]
[PlyCount "95"]
[EventDate "2007.03.17"]
[EventType "swiss"]
[EventRounds "9"]
[EventCountry "RUS"]
[SourceTitle "EXT 2008"]
[Source "ChessBase"]
[SourceDate "2007.11.25"]
[SourceVersion "1"]
[SourceVersionDate "2007.11.25"]
[SourceQuality "1"]

1. d4 Nf6 2. Nf3 g6 3. g3 Bg7 4. Bg2 d6 5. 0-0 0-0 6. c4 Nc6 7. Nc3 e5 8. dxe5 dxe5 9. Bg5 Be6 10. Qa4 h6 11. Rfd1 Qe7 12. Nd5 Bxd5 13. cxd5 Nd4 14. Bxf6 Bxf6 15. e3 Nxf3+ 16. Bxf3 Bg7 17. Qc4 Kh8 18. Rac1 Rac8 19. Bg2 f5 20. Qb5 b6 21. Rc6 f4 22. e4 Qf7 23. Rd2 h5 24. Bh3 fxg3 25. hxg3 Rce8 26. Rdc2 Re7 27. Be6 Qf3 28. Qe2 Qxe2 29. Rxe2 h4 30. Kg2 hxg3 31. fxg3 Rd8 32. Rec2 a5 33. Rxc7 Rxc7 34. Rxc7 Bf8 35. Kf3 Bc5 36. Kg4 Be3 37. Kf3 Bc5 38. Ke2 Bd4 39. b3 Bc5 40. Kd3 Bd4 41. Kc4 Bc5 42. Kb5 Bd4 43. Kc6 Bc5 44. g4 g5 45. a4 Bd4 46. Rc8 Rxc8+ 47. Bxc8 Kg8 48. d6 1-0

[Event "RUS Central Region-ch"]
[Site "Tula "]
[Date "2007.03.22"]
[Round "6"]
[White "Solovyov, Sergey V"]
[Black "Tkachev, Grigory"]
[Result "1-0"]
[WhiteElo "2069"]
[BlackElo "1986"]
[PlyCount "73"]
[EventDate "2007.03.17"]
[EventType "swiss"]
[EventRounds "9"]
[EventCountry "RUS"]
[SourceTitle "EXT 2008"]
[Source "ChessBase"]
[SourceDate "2007.11.25"]
[SourceVersion "1"]
[SourceVersionDate "2007.11.25"]
[SourceQuality "1"]

1. d4 Nf6 2. c4 g6 3. Nf3 Bg7 4. g3 0-0 5. Bg2 d6 6. 0-0 Nbd7 7. Nc3 c6 8. e4 e5 9. d5 cxd5 10. cxd5 Nc5 11. Bg5 Qb6 12. Qe2 h6 13. Be3 Bd7 14. Rab1 a5 15. Nd2 Ng4 16. Nc4 Qc7 17. Bxc5 Qxc5 18. a4 f5 19. b3 Rf7 20. h3 Nf6 21. Qe3 Qc7 22. Rfc1 Raf8 23. Nb5 Bxb5 24. Nxe5 Qxc1+ 25. Rxc1 dxe5 26. axb5 Nxe4 27. Bxe4 fxe4 28. Rc2 Kh7 29. Qxe4 Rd7 30. b6 Rff7 31. h4 h5 32. d6 Bf8 33. Rc7 Bxd6 34. Rxd7 Rxd7 35. Qd5 Kg7 36. Qe6 Rd8 37. Kg2 1-0

[Event "RUS-chT2 12th"]
[Site "Smolensk"]
[Date "2005.02.05"]
[Round "4"]
[White "Kostin, Konstantin"]
[Black "Solovyov, Sergey V"]
[Result "0-1"]
[WhiteElo "2293"]
[BlackElo "2064"]
[PlyCount "45"]
[EventDate "2005.02.03"]
[EventType "team-tourn"]
[EventRounds "11"]
[EventCountry "RUS"]
[SourceTitle "CBM 104 Extra"]
[Source "ChessBase"]
[SourceDate "2005.03.01"]
[SourceVersion "1"]
[SourceVersionDate "2005.03.01"]
[SourceQuality "1"]

1. d4 Nf6 2. c4 g6 3. Nc3 Bg7 4. e4 d6 5. Nf3 0-0 6. Be2 e5 7. 0-0 Nc6 8. d5 Ne7 9. Ne1 Nd7 10. Be3 f5 11. f3 f4 12. Bf2 g5 13. Rc1 Rf6 14. b4 Rh6 15. Nb5 Nf6 16. c5 Qe8 17. Kh1 Qh5 18. Bg1 Qh4 19. g3 fxg3 20. Nxc7 Bh3 21. Nxa8 Nh5 22. Ng2 Bxg2+ 23. Kxg2 0-1

[Event "RUS-chT2 12th"]
[Site "Smolensk"]
[Date "2005.02.03"]
[Round "1"]
[White "Solovyov, Sergey V"]
[Black "Olenin, Nikolay"]
[Result "1/2-1/2"]
[WhiteElo "2064"]
[BlackElo "2392"]
[PlyCount "83"]
[EventDate "2005.02.03"]
[EventType "team-tourn"]
[EventRounds "11"]
[EventCountry "RUS"]
[SourceTitle "CBM 104 Extra"]
[Source "ChessBase"]
[SourceDate "2005.03.01"]
[SourceVersion "1"]
[SourceVersionDate "2005.03.01"]
[SourceQuality "1"]

1. e4 e5 2. Nf3 Nc6 3. Nc3 g6 4. d4 exd4 5. Nxd4 Bg7 6. Be3 Nf6 7. Qd2 0-0 8. 0-0-0 Re8 9. f3 d5 10. Nxc6 bxc6 11. Bh6 Be6 12. Bxg7 Kxg7 13. g4 dxe4 14. Qe3 Qe7 15. g5 Nd5 16. Qd4+ Kg8 17. Nxe4 Bf5 18. Nf6+ Nxf6 19. gxf6 Qe3+ 20. Qxe3 Rxe3 21. Bd3 Rxf3 22. Bxf5 Rxf5 23. Rhf1 Rxf1 24. Rxf1 h6 25. Rf4 a5 26. Ra4 Ra6 27. b4 Rb6 28. bxa5 Ra6 29. h4 Kf8 30. Kd2 Ke8 31. Re4+ Kd7 32. Re7+ Kd6 33. Rxf7 Ke6 34. Rxc7 Kxf6 35. Kc3 g5 36. hxg5+ hxg5 37. Kb4 g4 38. Rc8 Ke5 39. Re8+ Kf4 40. Rf8+ Ke3 41. Re8+ Kf2 42. Rf8+ 1/2-1/2